| 000 | 00608nam a2200217 a 4500 | ||
|---|---|---|---|
| 001 | BRCA_6337 | ||
| 005 | 20190321142930.0 | ||
| 008 | 120811s1940----gw-a######---#000-0#ger-# | ||
| 041 | _ager | ||
| 044 | _agw | ||
| 050 | 4 | _b.M67 1940 | |
| 100 | 1 |
_aMoszkowski, Alex _915892 |
|
| 245 | 1 | 0 |
_aStuck in Jus _bEin lustiges Buch von Juristen und schweren Verbrechern _cvon Alejandre Moszkowski. |
| 260 |
_aBerlín _bLustigen Blatter _c[1940] |
||
| 300 |
_a127 p. _bil. _c22 cm. |
||
| 500 | _aK85 | ||
| 650 | 1 | 4 |
_aHumorismo alemán _96123 |
| 650 | 1 | 4 |
_aCaricatura _zAlemania _912391 |
| 902 | _aGFM | ||
| 942 |
_2lcc _cB |
||
| 999 |
_c6023 _d6023 |
||